|
|
|
|
| LEADER |
01379cam a2200433 7i4500 |
| 001 |
0000023224 |
| 005 |
20090720090000.0 |
| 020 |
0 |
0 |
|a 978-1-84264-486-7
|
| 090 |
0 |
0 |
|a ASIA 658.834
|b CON
|
| 245 |
0 |
0 |
|a Consumer Asia 2009.
|
| 250 |
0 |
0 |
|a 16th ed.
|
| 260 |
0 |
0 |
|a London:
|b Euromonitor International,
|c 2009.
|
| 300 |
# |
# |
|a 486 p.
|
| 650 |
0 |
0 |
|a Clothing and footwear --
|x Markets --
|z Asia
|
| 650 |
0 |
0 |
|a Consumer behaviour --
|x Markets --
|z Asia
|
| 650 |
0 |
0 |
|a Consumer --
|x Markets --
|z Asia
|
| 650 |
0 |
0 |
|a Retail trade --
|z Asia
|
| 650 |
0 |
0 |
|a Consumer electronics --
|x Markets --
|z Asia
|
| 650 |
0 |
0 |
|a Disposable paper products --
|x Markets --
|z Asia
|
| 650 |
0 |
0 |
|a Domestic electrical appliances --
|x Markets --
|z Asia
|
| 650 |
0 |
0 |
|a Packaged food --
|x Markets --
|z Asia
|
| 650 |
0 |
0 |
|a OTC healthcare --
|x Markets --
|z Asia
|
| 650 |
0 |
0 |
|a DIY and gardening --
|x Markets --
|z Asia
|
| 650 |
0 |
0 |
|a Cosmetics and toiletries --
|z Asia
|
| 650 |
0 |
0 |
|a Consumer --
|x Research --
|z Asia
|
| 651 |
0 |
0 |
|a Japan
|
| 651 |
0 |
0 |
|a Hong Kong, China
|
| 651 |
0 |
0 |
|a South Korea
|
| 651 |
0 |
0 |
|a China
|
| 651 |
0 |
0 |
|a Vietnam
|
| 651 |
0 |
0 |
|a India
|
| 651 |
0 |
0 |
|a Taiwan
|
| 651 |
0 |
0 |
|a Asia
|
| 651 |
0 |
0 |
|a Malaysia
|
| 651 |
0 |
0 |
|a Indonesia
|
| 651 |
0 |
0 |
|a Singapore
|
| 651 |
0 |
0 |
|a Philippines
|
| 651 |
0 |
0 |
|a Thailand
|
| 999 |
|
|
|a B000025047
|b Book
|c Regions
|e Business Information Centre
|